000 00372nam a2200145Ia 4500
008 211109s9999||||xx |||||||||||||| ||und||
082 _a220
_bVAR-B
100 _aVarghese, Daniel N
245 0 _aBible Nama Kosam
260 _bFr. Daniel n Varghese
_aCHALAKUDY
_c1993
300 _a104p.
630 _xReference reading room
650 _aReligion
_vBible
942 _cBOOK
999 _c47587
_d47587